Revista Cantua / (Record no. 21951)

000 -CABECERA
fixed length control field 02369nam a22002777a 4500
003 - IDENTIFICADOR DEL NÚMERO DE CONTROL
control field AR-CdUCM
008 - DATOS DE LONGITUD FIJA--INFORMACIÓN GENERAL
fixed length control field 190425b ||||| |||| 00| 0 spa d
040 ## - FUENTE DE LA CATALOGACIÓN
Agencia/entidad que catalogó originalmente la obra MUNICIPALIDAD PROVINCIAL DEL CUSCO
Entidad que transcribió la catalogación BIBLIOTECA MUNICIPAL DEL CUSCO
082 ## - NÚMERO DE LA CLASIFICACIÓN DECIMAL DEWEY
No. de Clasificación Cantua/N°1/1974
245 ## - MENCIÓN DE TÍTULO
Título Revista Cantua /
Mención de responsabilidad Órgano del Centro de estudiantes de Ciencias Biológicas
260 ## - PUBLICACIÓN, DISTRIBUCIÓN, ETC.
Lugar de publicación, distribución, etc. Cusco :
Nombre de la editorial, distribuidor, etc. Órgano del Centro de estudiantes de Ciencias Biológicas,
Fecha de publicación, distribución, etc. 1974.
300 ## - DESCRIPCIÓN FÍSICA
Nº de Páginas Extensión 54 páginas. :
Otros detalles físicos ilustraciones ;
Dimensiones 34 cm.
440 ## - MENCIÓN DE SERIE/PUNTO DE ACCESO ADICIONAL--TÍTULO
Título Cantua
Número de la parte/sección de una obra Volumen I. Número 1. Primer trimestre, 1974
9 (RLIN) 46968
505 ## - NOTA DE CONTENIDO CON FORMATO
Nota de contenido formateada Contenido: La energía vegetal y el hombre. -- Horacio Zamalloa Díaz. -- Técnicas actualizadas en el control de insectos. José Luna Cáceres. -- Las especies forestales del bosque sabanero del valle de La Convención. Chávez Alfaro Rene. -- Virus ganster de las células sanas. -- La flora halófita del valle del Cusco. Rosario Zegarra Zegarra. -- Importancia de educar a la comunidad para el uso racional y científico del poder curativo de las plantas. Antonio Soto Torres. -- Control biológico posibilidad saludable de combatir insectos dañinos. Verónica Marces Carrasco. -- Que es la sangre artificial y para que sirve. Carmen Zegarra Vargas. -- Descubrimientos de enfermedades a través de los colores. Lourdes Gonzales. -- Factores socio culturales de las propagación de las enfermedades venéreas. José Cáceres Pilares. -- Algas para mejorar las deficiencias nutritivas en todo el mundo. Gloria Coronavo Palma. -- Los árboles y su importancia en zonas urbanas. Eduardo Gil Mora. -- Guerra y esclavitud entre las hormigas. José Luna. -- Algunas consideraciones sobre la enseñanza actualizada de las Ciencias Biológicas. -- En defensa de nuestra riqueza forestal. Efraín Molleapaza Ariste. -- El primer Kumbha Mela en América. Eduardo Mimbela Cantuarias. -- Se identifican 12 especies de moluscos en los alrededores de Sicuani. Ángel Flores Bustamante.
650 ## - PUNTO DE ACCESO ADICIONAL DE MATERIA--TÉRMINO DE MATERIA
Descriptor Biología
9 (RLIN) 881
650 ## - PUNTO DE ACCESO ADICIONAL DE MATERIA--TÉRMINO DE MATERIA
Descriptor Ecología
9 (RLIN) 4960
650 ## - PUNTO DE ACCESO ADICIONAL DE MATERIA--TÉRMINO DE MATERIA
Descriptor Insectos
9 (RLIN) 46969
650 ## - PUNTO DE ACCESO ADICIONAL DE MATERIA--TÉRMINO DE MATERIA
Descriptor Cusco
9 (RLIN) 772
700 ## - PUNTO DE ACCESO ADICIONAL--NOMBRE DE PERSONA
Nombre Personal Zamalloa Díaz, Horacio
9 (RLIN) 46081
700 ## - PUNTO DE ACCESO ADICIONAL--NOMBRE DE PERSONA
Nombre Personal Luna Cáceres, José
9 (RLIN) 46970
700 ## - PUNTO DE ACCESO ADICIONAL--NOMBRE DE PERSONA
Nombre Personal Chávez Alfaro, Rene
9 (RLIN) 46971
700 ## - PUNTO DE ACCESO ADICIONAL--NOMBRE DE PERSONA
Nombre Personal Gil Mora, Eduardo
9 (RLIN) 46972
710 ## - PUNTO DE ACCESO ADICIONAL--NOMBRE DE ENTIDAD CORPORATIVA
Nombre corporativo (En letras Mayúsculas) Universidad Nacional de San Antonio Abad del Cusco
9 (RLIN) 15942
942 ## - ELEMENTOS DE PUNTO DE ACCESO ADICIONAL (KOHA)
Fuente de clasificación
Tipo de item Revistas cusqueñas
945 ## - PROCESAMIENTO DE INFORMACIÓN LOCAL (OCLC)
Catalogador rac
Holdings
Estado de retiro (separado) Fuente de clasificación o esquema de estanterías Estado dañado Ubicación Sala donde se ubica Nombre de la colección Fecha de adquisición o compra Costo, precio normal en soles Signatura topográfica Código de Barras Última vez visto (Koha) Tipo de ítem (Koha)
No     Sala Hemeroteca Sala Hemeroteca Book Cart 2022-01-18 10.00 Cantua/N°1/1974 REVC000466 2022-01-18 Revistas cusqueñas

Powered by Koha